ბათუმის შოთა რუსთაველის სახელმწიფო უნივერსიტეტის ბიბლიოთეკა

ევროპელი სოციალისტების ვიზიტი საქართველოში:The Visit of European Socialists to Georgia : (ბიბ.ჩანაწერი № 58782)

000 -ლიდერი
ფიქსირებული სიგრძის საკონტროლო ველი 02191nam a22003017a 4500
003 - საკონტროლო ნომრის იდენტიფიკატორი
საკონტროლო ველი Ge_BSU
005 - ბოლო ოპერაციის თარიღი და დრო
საკონტროლო ველი 20220726125320.0
008 - ფიქსირებული სიგრძის მონაცემთა ელემენტები - ზოგადი ინფორმაცია
ფიქსირებული სიგრძის საკონტროლო ველი 220726s2021ge xxu||||| |||| 00| 0 geo d
020 ## - წიგნის საერთაშორისო სტანდარტული ნომერი
International Standard Book Number 9789941491016
041 ## - ენის კოდი
Language code of text/sound track or separate title geo
080 ## - უნივერსალური ათობითი კლასიფიკაციის ინდექსი
Universal Decimal Classification number 94(479.22)+908(479.22)(093) ე-35
245 ## - ცნობა სათაურის შესახებ
Title ევროპელი სოციალისტების ვიზიტი საქართველოში:The Visit of European Socialists to Georgia :
Remainder of title II: 1920 /
Statement of responsibility, etc კრებულ.შემდგ: ქეთევან ქუსიკაშვილი, სალომე ჭანტურიძე, ზურაბ გაიპარაშვილი, მთარგმ. ელისაბედ ცაავა, ვისი სადრაძე, მარინე ჭყონია, თამარ ნაცვლიშვილი.
264 ## - წარმოების, გამოცემის, დისტრიბუციის და სხვა ცნობები
გამოცემის, წარმოების, დისტრიბუციის... ადგილი თბილისი:
გამოცემის, წარმოების, დისტრიბუციის... სახელწოდება უნივერსიტეტის გამ-ბა,
გამოცემის, წარმოების, დისტრიბუციის... თარიღი [2021].
300 ## - ფიზიკური აღწერა
Extent 507 გვ.:
Dimensions ილუსტ
Other physical details 23 სმ.
501 ## - შენიშვნა თანმხლებ მასალაზე
With note გეოგრაფიული ადგილები გვ:505-507
546 ## - LANGUAGE NOTE
Language note ქართულ და ინგლისურ ენაზე
653 ## - INDEX TERM--UNCONTROLLED
Uncontrolled term ევროპელი სოციალისტების ვიზიტი საქართველოში
653 ## - INDEX TERM--UNCONTROLLED
Uncontrolled term ისტორია
700 ## - ADDED ENTRY--PERSONAL NAME
Personal name ქუსიკაშვილი, ქეთევან
9 (RLIN) 14482
700 ## - ADDED ENTRY--PERSONAL NAME
Personal name ჭანტურიძე, სალომე
9 (RLIN) 14483
700 ## - ADDED ENTRY--PERSONAL NAME
Personal name გაიპარაშვილი, ზურაბ
9 (RLIN) 8311
700 ## - ADDED ENTRY--PERSONAL NAME
Personal name ცაავა, ელისაბედ
Relator term მთარგმნელი
9 (RLIN) 14484
700 ## - ADDED ENTRY--PERSONAL NAME
Personal name სადრაძე, ვისი
Relator term მთარგმნელი
9 (RLIN) 14485
700 ## - ADDED ENTRY--PERSONAL NAME
Personal name ჭყონია, მარინე
Relator term მთარგმნელი
9 (RLIN) 14486
700 ## - ADDED ENTRY--PERSONAL NAME
Personal name ნაცვლიშვილი, თამარ
Relator term მთარგმნელი
9 (RLIN) 14487
710 ## - ADDED ENTRY--CORPORATE NAME
Corporate name or jurisdiction name as entry element ივანე ჯავახიშვილის სახელობის თბილისის სახელმწიფო უნივერსიტეტი
9 (RLIN) 14488
942 ## - ADDED ENTRY ELEMENTS (KOHA)
Source of classification or shelving scheme
Koha item type წიგნი
ეგზემპლარები
ჩამოწერის სტატუსი დაკარგული ეგზემპლარის სტატუსი კლასიფიკაციის წყარო ან თაროზე გაწყობის სქემა დაზიანების სტატუსი არ გაიცემა მუდმივი მდებარეობა (დაცვის ადგილი) ამჟამინდელი ადგილსამყოფელი თაროზე განთავსების ადგილი შეძენის თარიღი ღირებულება, შესყიდვის ნორმალური ფასი სრული შენახვის შიფრი შტრიხკოდი ბოლო ოპერაციის თარიღი ეგზემპლარის მიმდევრობითი ნომერი (კეტერი?) ფასის ძალაში შესვლის თარიღი ეგზემპლარის სახეობა საჯარო შენიშვნა
          ბათუმის შოთა რუსთაველის სახელმწიფო უნივერსიტეტის მთავარი ბიბლიოთეკა ბათუმის შოთა რუსთაველის სახელმწიფო უნივერსიტეტის მთავარი ბიბლიოთეკა წიგნსაცავი 2022-07-26 12.00 94(479.22)+908(479.22)(093) ე-35 63028 2022-07-26 63028 2022-07-26 წიგნი 12.00